Giáo trình hướng dẫn sử dụng excel 2010 Microsoft office 2010
Đã lưu trong:
| Formáid: | Leabhar |
|---|---|
| Foilsithe: |
2010
|
| Ábhair: | |
| Clibeanna: |
Cuir Clib Leis
Gan Chlibeanna, Bí ar an gcéad duine leis an taifead seo a chlibeáil!
|
| Thư viện lưu trữ: | Trung tâm Học liệu Lê Vũ Hùng, Trường Đại học Đồng Tháp |
|---|
| LEADER | 00759pam a22002418a 4500 | ||
|---|---|---|---|
| 001 | 00039016 | ||
| 005 | 20171026081025.0 | ||
| 008 | 170517s2010 ||||||Viesd | ||
| 041 | 0 | # | |a Vie |
| 082 | 1 | 4 | |a 005.52 |b GI108TR |
| 245 | 1 | 0 | |a Giáo trình hướng dẫn sử dụng excel 2010 |b Microsoft office 2010 |
| 260 | |c 2010 | ||
| 300 | # | # | |a 239tr. |c 28 cm. |
| 653 | # | # | |a Excel |
| 653 | # | # | |a Tự học |
| 653 | # | # | |a Tin học |
| 653 | # | # | |a Sử dụng |
| 852 | # | # | |j KGT.0052964 |j KGT.0052864 |j KD.0022235 |j KGT.0053673 |
| 852 | # | # | |b Kho đọc |j KD.1002351, KD.0022235 |
| 852 | # | # | |b Kho mượn |j KGT.0052964, KGT.0052864 |
| 910 | |d 17/05/2017 | ||
| 980 | # | # | |a Trung tâm Học liệu Lê Vũ Hùng, Trường Đại học Đồng Tháp |